| 000 | 01267nam a2200349Ia 4500 | ||
|---|---|---|---|
| 001 | dia_2349 | ||
| 003 | CHAP | ||
| 005 | 20240221115718.0 | ||
| 007 | ta | ||
| 008 | 220117s2001 mx ad f 001 0 spa d | ||
| 040 |
_cCHAP _amxchpua |
||
| 090 |
_aT.C.310 _bG66 SAI _c2001 |
||
| 245 | 1 | 0 |
_aSistema agroindustrial cítricos en el sur del estado de Yucatán / _ccoordinador Adalberto Gómez Cruz ; colaboradores Ricardo Lózano Cuétara...[et al.] |
| 260 |
_aMéxico : _bEl autor, _c2001 |
||
| 300 |
_a74 hojas : _bilustraciones, tablas, mapas, gráficas |
||
| 336 |
_2rdacontent _atexto _btxt |
||
| 337 |
_2rdamedia _asin medio _bn |
||
| 338 |
_2rdacarrier _avolumen _bnc |
||
| 500 | _aGrado : 6° año | ||
| 502 |
_aViaje de Estudios _b(SAI) -- _cUACh. Departamento de Ingeniería Agroindustrial, _d2001 |
||
| 504 | _aBibliografía : hoja 74 | ||
| 650 | 1 | 3 |
_aCítricos _9152643 _zMéxico _zYucatán |
| 650 | 1 | 3 |
_aCitrus fruits _9152644 _zMexico _zYucatán |
| 700 | 1 |
_aGómez Cruz, Adalberto _9147645 _ecoordinador |
|
| 700 | 1 |
_aLózano Cuétara, Ricardo _9152646 _ecolaborador |
|
| 901 | _aT.C.310 G66 SAI 2001 | ||
| 902 | _aM | ||
| 905 | _a5232272001 mx nm 8223123322spa16 | ||
| 942 | _2local | ||
| 942 | _cVE | ||
| 999 |
_c172871 _d172871 |
||